|
|
|
|
| LEADER |
00000cam a2200000 7i4500 |
| 001 |
0000001273 |
| 005 |
20140402.0 |
| 020 |
0 |
0 |
|a 9251005850
|
| 090 |
0 |
0 |
|a FAO338.1749
|b FOR 1978
|
| 245 |
0 |
0 |
|a FORESTRY for local community development
|c FAO Forestry Department, with the assistance of the Swedish International Development Authority
|
| 260 |
0 |
0 |
|a Rome :
|b Food and Agriculture Organization of the United Nations ,
|c 1978
|
| 300 |
|
|
|a 114 p. ;
|c 28 cm.
|
| 440 |
0 |
0 |
|a FAO forestry paper ; 7
|
| 500 |
0 |
0 |
|a Bibliography : [p. 104-114]
|
| 650 |
0 |
0 |
|a Community forests
|
| 650 |
0 |
0 |
|a Forests and forestry
|x Developing countries
|
| 650 |
0 |
0 |
|a Rural development
|
| 710 |
1 |
1 |
|a Food and Agriculture Organization of the United Nations (FAO)
|
| 710 |
1 |
1 |
|a Swedish International Development Authority
|
| 998 |
|
|
|a JPSM
|
| 999 |
|
|
|a 0000005884
|b Monograph
|c Food and Agriculture Organization
|e Default branch
|